LEADER 01462nam a2200397 i 4500 001 991000912859707536 005 20020507175730.0 008 990510s1997 us ||| | eng 020 $a0821806750 035 $ab1077483x-39ule_inst 035 $aLE01304218$9ExL 040 $aDip.to Matematica$beng 082 0 $a512.55 084 $aAMS 05A18 084 $aAMS 46L10 084 $aAMS 46L35 084 $aAMS 46L50 084 $aAMS 47B80 084 $aAMS 81Q99 084 $aQA326.F74 100 1 $aVoiculescu, Dan Virgil$0535439 245 10$aFree probability theory /$cDan-Virgil Voiculescu, editor 260 $aProvidence, R.I. :$bAmerican Mathematical Society,$cc1997 300 $avii, 312 p. :$bill. ;$c26 cm. 490 0 $aFields Institute communications,$x1069-5265 ;$v12 500 $aPapers from a workshop on random matrices and operator algebra free products, held Mar. 1995 at the Fields Institute. 500 $aIncludes bibliographical references 650 4$aFree products (Group theory)$xCongresses 650 4$aOperator algebras$xCongresses 650 4$aSelfadjoint operators$xCongresses 907 $a.b1077483x$b23-02-17$c28-06-02 912 $a991000912859707536 945 $aLE013 46L VOI12 (1997)$g1$i2013000117331$lle013$o-$pE0.00$q-$rl$s- $t0$u0$v0$w0$x0$y.i10873624$z28-06-02 996 $aFree probability theory$9922615 997 $aUNISALENTO 998 $ale013$b01-01-99$cm$da $e-$feng$gus $h0$i1 LEADER 02147oam 2200565 450 001 9910706848403321 005 20180305092502.0 035 $a(CKB)5470000002458984 035 $a(OCoLC)896810455 035 $a(OCoLC)995470000002458984 035 $a(EXLCZ)995470000002458984 100 $a20141123d1981 ua 0 101 0 $aeng 135 $aurmn||||||||| 181 $ctxt$2rdacontent 182 $cc$2rdamedia 183 $acr$2rdacarrier 200 10$aConodonts from the Genesee formation in western New York /$fby John W. Huddle; assisted by John E. Repetski 210 1$aWashington :$cUnited States Department of the Interior, Geological Survey,$d1981. 215 $a1 online resource (vi, 66 pages, 31 unnumbered pages of plates) $cillustrations +$e1 plate and 7 tables 225 1 $aGeological Survey professional paper ;$v1032-B 225 1 $aStratigraphy and conodonts of the Genesee formation (Devonian) in western and central New York 300 $aTitle from title screen (viewed October 6, 2014). 300 $a"Conodonts from the Genesee Formation in western New York, first described by G. J. Hinde in 1879 and W. L. Bryant in 1921, are redescribed, and the biostratigraphic zones are determined." 320 $aIncludes bibliographical references, (pages B57-B61) and index. 606 $aConodonts 606 $aPaleontology$yDevonian 606 $aPaleontology$zNew York (State) 606 $aConodonts$2fast 606 $aDevonian Geologic Period$2fast 606 $aPaleontology$2fast 607 $aNew York (State)$2fast 615 0$aConodonts. 615 0$aPaleontology 615 0$aPaleontology 615 7$aConodonts. 615 7$aDevonian Geologic Period. 615 7$aPaleontology. 700 $aHuddle$b John Warfield$f1907-1975,$01407591 702 $aRepetski$b John E. 712 02$aGeological Survey (U.S.), 801 0$bCOP 801 1$bCOP 801 2$bOCLCO 801 2$bOCLCF 801 2$bGPO 906 $aBOOK 912 $a9910706848403321 996 $aConodonts from the Genesee formation in western New York$93489462 997 $aUNINA